000 00516nam a2200169 i 4500
001 52653
003 ES-MaACL
005 20230906162624.0
007 t|
008 030902s1967 sp ||||1| spa d
100 1 _aDe Bernardi, Victorio.
_943039
245 1 0 _aVocación al diálogo /
_cV. de Bernardi ; [traductor, Jesús Sánchez Díaz].
260 _a[Madrid] :
_bEdiciones Paulinas,
_c[1967]
300 _a198 p. ;
_c20 cm.
700 1 _aSánchez Díaz, Jesús.
_9102612
852 _aES-MaACL
_jC-34237
_bR.65370
999 _c52653
_d52653